000 00611nam a2200181Ia 4500
008 090124s9999 xx 000 0 und d
082 _b40004
100 _aतळवलकर गोविंद
245 _a नेक नामदार गोखले
250 _a0
260 _bप्रेस्टीज प्रकाशन
_c2003
300 _a592
600 _aतळवलकर गोविंद
630 _a नेक नामदार गोखले
700 _aतळवलकर गोविंद
730 _a नेक नामदार गोखले
942 _cBOOK
999 _c103232
_d103232